Welsh Railway's - Statistics

General Stats
  • This quiz has been taken 8 times
  • The average score is 5 of 17
Answer Stats
Hint Answer % Correct
GWR Great Western Railway
71%
LNWR London North Western Railway
57%
B&M Brecon and Merthyr
43%
CamRys Cambrian Railways
43%
CarR Cardiff Railway
43%
HH&BR Hereford Hay and Brecon
43%
N&B Neath and Brecon
43%
TVR Taff Vale Railway
43%
PTR Port Talbot Railway
29%
RSBR Rhondda and Swansea Bay Railway
29%
RR Rhymney Railway
29%
AD&R Co. Alexandra docks and Railway co
14%
BR Barry Railway
14%
BP&GVR Burry port and gwendraeth valley railway
14%
Bonus: MWR Mid Wales Railway
14%
L&MMR Llanelly and Mynydd Mawr
0%
M&M Manchester and Milford
0%
No matching quizzes found
Score Distribution
Percent of People with Each Score
Percentile by Number Answered
Your Score History
You have not taken this quiz